<?xml version="1.0" encoding="UTF-8"?>
<record
    xmlns:xsi="http://www.w3.org/2001/XMLSchema-instance"
    xsi:schemaLocation="http://www.loc.gov/MARC21/slim http://www.loc.gov/standards/marcxml/schema/MARC21slim.xsd"
    xmlns="http://www.loc.gov/MARC21/slim">

  <leader>02038nam a22002057a 4500</leader>
  <controlfield tag="008">250702b        |||||||| |||| 00| 0 eng d</controlfield>
  <datafield tag="020" ind1=" " ind2=" ">
    <subfield code="a">9781787637245</subfield>
  </datafield>
  <datafield tag="040" ind1=" " ind2=" ">
    <subfield code="c">tbs</subfield>
  </datafield>
  <datafield tag="041" ind1=" " ind2=" ">
    <subfield code="a">eng</subfield>
  </datafield>
  <datafield tag="100" ind1=" " ind2=" ">
    <subfield code="a">Brown, Gareth</subfield>
    <subfield code="9">25629</subfield>
    <subfield code="e">author</subfield>
  </datafield>
  <datafield tag="245" ind1=" " ind2=" ">
    <subfield code="a">The book of doors</subfield>
    <subfield code="c">/ Gareth Brown.</subfield>
  </datafield>
  <datafield tag="260" ind1=" " ind2=" ">
    <subfield code="a">London :</subfield>
    <subfield code="b">Penguin Random House,</subfield>
    <subfield code="c">2024.</subfield>
  </datafield>
  <datafield tag="300" ind1=" " ind2=" ">
    <subfield code="a">407 pages ;</subfield>
    <subfield code="c">24 cm.</subfield>
  </datafield>
  <datafield tag="520" ind1=" " ind2=" ">
    <subfield code="a">
Cassie Andrews works in a New York City bookshop, shelving books, making coffee for customers, and living an unassuming, ordinary life. Until the day one of her favorite customers--a lonely yet charming old man--dies right in front of her. Cassie is devastated. She always loved his stories, and now she has nothing to remember him by. Nothing but the last book he was reading. But this is no ordinary book... It is the Book of Doors. Inscribed with enigmatic words and mysterious drawings, it promises Cassie that any door is every door. You just need to know how to open them. Then she's approached by a gaunt stranger in a rumpled black suit with a Scottish brogue who calls himself Drummond Fox. He's a librarian who keeps watch over a unique set of rare volumes. The tome now in Cassie's possession is not the only book with great power, but it is the one most coveted by those who collect them. Now Cassie is being hunted by those few who know of the Special Books. With only her roommate Izzy to confide in, she has to decide if she will help the mysterious and haunted Drummond protect the Book of Doors--and the other books in his secret library's care--from those who will do evil. Because only Drummond knows where the unique library is and only Cassie's book can get them there. But there are those willing to kill to obtain those secrets. And a dark force--in the form of a shadowy, sadistic woman--is at the very top of that list.</subfield>
  </datafield>
  <datafield tag="650" ind1=" " ind2="0">
    <subfield code="a">Booksellers and bookselling</subfield>
    <subfield code="v">Fiction</subfield>
    <subfield code="9">25630</subfield>
  </datafield>
  <datafield tag="650" ind1=" " ind2="0">
    <subfield code="a">Magic</subfield>
    <subfield code="v">Fiction</subfield>
    <subfield code="9">24059</subfield>
  </datafield>
  <datafield tag="650" ind1=" " ind2="0">
    <subfield code="a">Good and evil</subfield>
    <subfield code="v">Fiction</subfield>
    <subfield code="9">24131</subfield>
  </datafield>
  <datafield tag="651" ind1=" " ind2="0">
    <subfield code="a">New York (N.Y.)</subfield>
    <subfield code="v">Fiction</subfield>
    <subfield code="9">24052</subfield>
  </datafield>
  <datafield tag="942" ind1=" " ind2=" ">
    <subfield code="2">lcc</subfield>
  </datafield>
  <datafield tag="952" ind1=" " ind2=" ">
    <subfield code="0">0</subfield>
    <subfield code="1">0</subfield>
    <subfield code="2">lcc</subfield>
    <subfield code="4">0</subfield>
    <subfield code="7">0</subfield>
    <subfield code="a">TBS</subfield>
    <subfield code="b">TBS</subfield>
    <subfield code="d">2025-07-02</subfield>
    <subfield code="l">3</subfield>
    <subfield code="o">P-EN BRO</subfield>
    <subfield code="p">B05800</subfield>
    <subfield code="r">2026-05-15</subfield>
    <subfield code="s">2026-02-02</subfield>
    <subfield code="t">1</subfield>
    <subfield code="w">2025-07-02</subfield>
    <subfield code="y">1</subfield>
  </datafield>
  <datafield tag="999" ind1=" " ind2=" ">
    <subfield code="c">4812</subfield>
    <subfield code="d">4812</subfield>
  </datafield>
</record>
